Providing Export Credit Support Right: Consequences for Public Budgets
Problém nedostatočnosti prémiových sadzieb používaných exportnými úverovými agentúrami. Hľadanie odpovedí na otázky, prečo a ako by štáty mali riadiť agentúry, ktoré môžu vytvárať straty. Prínosy a náklady domácej ekonomiky. Snaha vyvinúť model, ktorý počíta dopady každého podporovaného exportného p...
Guardado en:
| Autor principal: | |
|---|---|
| Formato: | Capítulo de libro |
| Lenguaje: | inglés |
| Materias: | |
| Etiquetas: |
Sin Etiquetas, Sea el primero en etiquetar este registro!
|
MARC
| LEADER | 00000naa a2200000 4500 | ||
|---|---|---|---|
| 001 | 0287826 | ||
| 005 | 20220921082023.8 | ||
| 041 | 0 | |a eng | |
| 044 | |a CZ | ||
| 245 | 1 | 0 | |a Providing Export Credit Support Right: Consequences for Public Budgets |c Mikuláš Pýcha |
| 520 | |a Problém nedostatočnosti prémiových sadzieb používaných exportnými úverovými agentúrami. Hľadanie odpovedí na otázky, prečo a ako by štáty mali riadiť agentúry, ktoré môžu vytvárať straty. Prínosy a náklady domácej ekonomiky. Snaha vyvinúť model, ktorý počíta dopady každého podporovaného exportného projektu. Štruktúra modelu tiež pomáha pochopiť, prečo vlády majú tendenciu udržiavať exportné úverové agentúry, aj keď môžu byť dočasne stratové. | ||
| 610 | 2 | 0 | |a podpora štátna |
| 610 | 2 | 0 | |a úver vývozný |
| 610 | 2 | 0 | |a agentúry |
| 610 | 2 | 0 | |a financie verejné |
| 610 | 2 | 0 | |a rozpočty verejné |
| 610 | 2 | 0 | |a modely |
| 610 | 2 | 0 | |a OECD |
| 100 | 1 | |a Pýcha, Mikuláš | |